[Event "Nikaia op 22nd"]
[Site "Nikaia"]
[Date "2014.08.26"]
[Round "1"]
[White "Christidis, Savvas"]
[Black "Papasimakopoulos, Alexandros"]
[Result "0-1"]
[WhiteElo "1819"]
[BlackElo "2270"]
[PlyCount "79"]
[EventDate "2014.08.26"]
[EventType "swiss"]
[EventRounds "9"]
[EventCountry "GRE"]
[SourceTitle "CBM 162 Extra"]
[Source "ChessBase"]
[SourceDate "2014.10.17"]
[SourceVersion "1"]
[SourceVersionDate "2014.10.17"]
[SourceQuality "1"]

1. d4 f5 2. c4 Nf6 3. g3 g6 4. Bg2 Bg7 5. Nf3 0-0 6. Nc3 d6 7. 0-0 c6 8. d5 Bd7 9. Qb3 Na6 10. Be3 Qc7 11. c5 Kh8 12. cxd6 exd6 13. dxc6 bxc6 14. Qa3 Nc5 15. Bxc5 dxc5 16. Qxc5 Rab8 17. Rab1 Ne4 18. Nxe4 fxe4 19. Ng5 Rb5 20. Qe3 Qb6 21. Qxb6 axb6 22. Nxe4 Bxb2 23. Nd6 Rb4 24. Nc4 Rxc4 25. Rxb2 b5 26. Rd1 Bf5 27. f3 Ra8 28. e4 Be6 29. f4 Rca4 30. e5 Rxa2 31. Rxa2 Rxa2 32. Bxc6 b4 33. Bd5 Bxd5 34. Rxd5 b3 35. e6 b2 36. Rd1 Ra1 37. e7 Rxd1+ 38. Kf2 Rf1+ 39. Ke2 Re1+ 40. Kf2 0-1

[Event "Attica-ch U20 11"]
[Site "Athens"]
[Date "2010.12.29"]
[Round "6.1"]
[White "Tsaloumas, Konstantinos"]
[Black "Christidis, Savvas"]
[Result "1-0"]
[WhiteElo "1721"]
[BlackElo "1816"]
[PlyCount "60"]
[EventDate "2010.12.23"]
[EventType "tourn"]
[EventRounds "5"]
[EventCountry "GRE"]
[SourceTitle "EXT 2024"]
[Source "ChessBase"]
[SourceDate "2023.10.10"]
[SourceVersion "1"]
[SourceVersionDate "2023.10.10"]
[SourceQuality "1"]

1. d4 Nf6 2. c4 g6 3. Nc3 Bg7 4. e4 d6 5. Nf3 0-0 6. Be2 e5 7. 0-0 Nc6 8. d5 Ne7 9. Be3 Nd7 10. Nd2 f5 11. f3 f4 12. Bf2 g5 13. b4 Ng6 14. c5 Nf6 15. Nc4 Ne8 16. Rc1 Rf7 17. Kh1 h5 18. cxd6 cxd6 19. Nb5 b6 20. a4 Bf8 21. a5 Bd7 22. Nxa7 Rxa7 23. Bxb6 Qb8 24. Bxa7 Qxa7 25. Nb6 Nc7 26. Nxd7 Rxd7 27. Qa4 Rf7 28. b5 Qd4 29. Qxd4 exd4 30. b6 Na8 1-0